000 00490nam a2200169Ia 4500
005 20250423100456.0
008 250422s9999 xx 000 0 und d
020 _a9789789241040
050 _aHD 7105.35 .N6 .I59/
100 _aOtinche, S. I.
245 0 _aPension administration in Nigeria: issues in theory and practice
260 _aAbuja
260 _bMarvelous Printers
300 _a339 p
650 _aRetirement income - Nigeria Retirement - policy - Nigeria
942 _cBK
999 _c33422
_d33422